Cesta firmy Telefónica na výslnie

Podrobná bibliografia
Hlavný autor: Pressburg, Peter Adrian (Autor)
Médium: Článok
Jazyk:slovenčina
Fyzický popis:Graf
ISSN:1335-4620
Predmet:

MARC

LEADER 00000nab a2200000 ar4500
001 vtls008995203
003 SK-MaSNL
005 20260303044207.0
008 070601c2006 xo er|p|||||||000 b|slo
015 |a SNBRB2007/06  |2 snkbucl 
038 |a SNKBUCL 
040 |a SNKBUCL  |b slo  |c SNKBUCL  |e AACR2 
041 0 |a slo 
044 |a xo  |c SK 
080 |a 654:061.5(437.6)  |2 2001 
080 |a 654.165  |2 2001 
100 1 |a Pressburg, Peter Adrian  |4 aut  |9 1032798 
245 1 0 |a Cesta firmy Telefónica na výslnie  |c Adrian Peter Pressburg 
300 |b Graf 
610 2 7 |a Telefónica O2 Slovakia  |2 snkbucl  |9 97337 
773 0 |t Profit  |g Č. 17 (2006), s. 24-25  |x 1335-4620 
852 |a SNK  |b KIS3GCP 
999 |c 1699549  |d 1701479